00910nam a2200253 a 450000100060000000300080000600500170001400800410003103500190007204000310009104100080012208200250013010000420015524500830019726000390028030000260031950400410034565000330038665000320041965000360045194200120048799900170049995201400051669996BD-RjUL20211209081943.0170415s1962 ne b 001 0 eng d a(BD-RjUL)70208 aDLC/ICUcICUdBD-RjULbeng aeng 223a515.63bGEL 19621 aGerretsen, Johan C. H.d1907-920732610aLectures on tensor calculus and differential geometry /cJohan C. H. Gerretsen aGroningen :bP. Noordhoff,cc1962. axii, 202 p. ;c25 cm. aIncludes bibliographies and indexes. 0aCalculus of tensors.9121106 0aGeneralized spaces.9155321 0aGeometry, Differential.9207327 2ddccBK c69996d69996 00102ddc40718NFICaRUCLbRUCLcReadingd1965-11-16eZeitlingerg55.00l0o515.63 GEL 1962r2017-04-15 00:00:00tC-1w2017-04-15yBK